| 000 | 00499nam a22001577a 4500 | ||
|---|---|---|---|
| 008 | 160921b xxu||||| |||| 00| 0 eng d | ||
| 020 | _a0534343260 | ||
| 050 |
_aQA 39.2 _b.T88 1997 |
||
| 100 | _aTussy, Alan S. | ||
| 245 |
_aPrealgebra/ _cAlan S. Tussy |
||
| 260 |
_aBoston: _bBrookes/coles publishing company; _c1997. |
||
| 300 |
_axxiii,560p. :ill. ; _bInclude index _c23cm |
||
| 650 | _aMathematics. | ||
| 700 | _aGustafson, David R. | ||
| 942 |
_2lcc _cBOOKS _hQA 39.2 .T88 1997 |
||
| 999 |
_c13925 _d13925 |
||